000
00323nam a2200121 a 4500
005
20140414131916.0
008
101019s19uu xx 00 eng d
050
_a
ER
_b
L72 1992
100
_a
Tharlet, Eve
245
_a
Little pig, big trouble.
260
_a
Saxonville, Ma. :
_b
Picture Book Studio,
_c
1989.
999
_c
111481
_d
111481